书目信息 |
| 题名: |
魏晋南北朝史札记
|
|
| 作者: | 周一良 著 | |
| 分册: | ||
| 出版信息: | 北京 中华书局 2015 |
|
| 页数: | 494页 | |
| 开本: | 21cm | |
| 丛书名: | 现代史学家文丛 | |
| 单 册: | ||
| 中图分类: | K235.07 | |
| 科图分类: | ||
| 主题词: | 魏晋南北朝时代--Wei Jin Nan Bei Chao Shi Dai--历史--研究 | |
| 电子资源: | ||
| ISBN: | 978-7-101-10631-2 | |
| 000 | 01022nam0 22002651 450 | |
| 001 | 350640 | |
| 005 | 20161013094254.40 | |
| 010 | @a978-7-101-10631-2@dCNY56.00 | |
| 100 | @a20151217d2015 em y0chiy50 ea | |
| 101 | 0 | @achi |
| 102 | @aCN@b110000 | |
| 105 | @ay z 000yy | |
| 106 | @ar | |
| 200 | 1 | @a魏晋南北朝史札记@AWei Jin Nan Bei Chao Shi Zha Ji@f周一良著 |
| 205 | @a3版@b补订本 | |
| 210 | @a北京@c中华书局@d2015 | |
| 215 | @a494页@d21cm | |
| 225 | 2 | @a现代史学家文丛@AXian Dai Shi Xue Jia Wen Cong |
| 330 | @a本书是周一良先生对《三国志》《晋书》《宋书》《南齐书》《梁书》《陈书》《魏书》《北齐书》《周书》《隋书》《南史》《北史》共十二部史书的读书札记。补注的内容来自正史、笔记、类书、碑刻、域外史籍、佛藏、考古发现及中外学者的最新研究成果。 | |
| 461 | 0 | @12001 @a现代史学家文丛 |
| 606 | 0 | @a魏晋南北朝时代@AWei Jin Nan Bei Chao Shi Dai@x历史@x研究 |
| 690 | @aK235.07@v5 | |
| 701 | 0 | @a周一良@AZhou Yi Liang@f(1913~2001)@4著 |
| 801 | 0 | @aCN@bTANGWEI@c20160805 |
| 905 | @b0891045-9@dK235.07@e57=3@f5 | |
| 魏晋南北朝史札记/周一良著.-3版,补订本.-北京:中华书局,2015 |
| 494页;21cm.-(现代史学家文丛) |
| ISBN 978-7-101-10631-2:CNY56.00 |
| 本书是周一良先生对《三国志》《晋书》《宋书》《南齐书》《梁书》《陈书》《魏书》《北齐书》《周书》《隋书》《南史》《北史》共十二部史书的读书札记。补注的内容来自正史、笔记、类书、碑刻、域外史籍、佛藏、考古发现及中外学者的最新研究成果。 |
| ● |
| 相关链接 |
|
|
|
|
正题名:魏晋南北朝史札记
索取号:K235.07/57=3
 
预约/预借
| 序号 | 登录号 | 条形码 | 馆藏地/架位号 | 状态 | 备注 |
| 1 | 0891045 | 208910455 | 第二样本阅览室/ [索取号:K235.07/57=3] | 在馆 | |
| 2 | 0891046 | 208910464 | 第二借阅区/ [索取号:K235.07/57=3] | 在馆 | |
| 3 | 0891047 | 208910473 | 第二借阅区/ [索取号:K235.07/57=3] | 在馆 | |
| 4 | 0891048 | 208910482 | 第二借阅区/ [索取号:K235.07/57=3] | 在馆 | |
| 5 | 0891049 | 208910491 | 密集书库-史法系/ [索取号:K235.07/57=3] | 在馆 |